| 000 | 00783nam a2200265 a 4500 | ||
|---|---|---|---|
| 001 | 48249 | ||
| 003 | BD-RjUL | ||
| 005 | 20211209054503.0 | ||
| 008 | 160813s1968 enk b 001 0 eng | ||
| 020 | _a0710062052 | ||
| 035 | _a(BD-RjUL)48368 | ||
| 040 |
_aDLC _cDLC _dDLC _dBD-RjUL _beng |
||
| 041 | _aeng | ||
| 082 | 0 | 0 |
_a368.400942 _223 _bGES 1968 |
| 100 | 1 | 0 |
_aGeorge, Victor. _9146039 |
| 245 | 1 | 0 |
_aSocial security : _bBeveridge and after / _cby V. George. |
| 260 |
_aLondon : _bRoutledge & K. Paul, _cc1968. |
||
| 300 |
_axiv, 258 p. ; _c23 cm. |
||
| 350 | _a35/- | ||
| 490 | 0 | _aInternational library of sociology and social reconstruction | |
| 500 | _aInclude index | ||
| 650 | 0 |
_aSocial security _zGreat Britain. _9146123 |
|
| 942 |
_2ddc _cBK |
||
| 999 |
_c48249 _d48249 |
||